Entrepreneurship Idea to empire (Record no. 13993)

MARC details
000 -LEADER
fixed length control field 00491nam a22002057a 4500
003 - CONTROL NUMBER IDENTIFIER
control field OSt
008 - FIXED-LENGTH DATA ELEMENTS--GENERAL INFORMATION
fixed length control field 260521b |||||||| |||| 00| 0 eng d
020 ## - INTERNATIONAL STANDARD BOOK NUMBER
International Standard Book Number 9789365578744
082 ## - DEWEY DECIMAL CLASSIFICATION NUMBER
Classification number 658.421 DEE
100 ## - MAIN ENTRY--PERSONAL NAME
Personal name Deepti
245 ## - TITLE STATEMENT
Title Entrepreneurship Idea to empire
250 ## - EDITION STATEMENT
Edition statement 1st Ed
260 ## - PUBLICATION, DISTRIBUTION, ETC. (IMPRINT)
Place of publication, distribution, etc New Delhi
Name of publisher, distributor, etc Himalaya Publishing House
Date of publication, distribution, etc 2025
300 ## - PHYSICAL DESCRIPTION
Extent 391p.
700 ## - ADDED ENTRY--PERSONAL NAME
Personal name KUMAR,Pawan
700 ## - ADDED ENTRY--PERSONAL NAME
Personal name SHARMA,Sushma
700 ## - ADDED ENTRY--PERSONAL NAME
Personal name NUPUR
942 ## - ADDED ENTRY ELEMENTS (KOHA)
Source of classification or shelving scheme Dewey Decimal Classification
Koha item type Reference Books
Holdings
Withdrawn status Lost status Source of classification or shelving scheme Damaged status Not for loan Collection code Home library Current library Date acquired Source of acquisition Currency Cost, normal purchase price Bill Number Total Checkouts Full call number Acc. no. / Barcode Date last seen Actual Cost, discounted price Bill Date Koha item type
    Dewey Decimal Classification     BBA(Business Analytics) PIET C-LIBRARY PIET C-LIBRARY 13/05/2026 Zafaa Books and Distributors INR 850.00 ZBD2026-27-0044   658.421 DEE 40250 21/05/2026 616.25 13/05/2026 Reference Books

Design & Developed by: PIET Central Library
R70 Miles Stone Pattikalyana Samalkha Panipat 132102
mail ID :- [email protected], Phone No:- 0180-2569700 Ex.216